Normal view
MARC view
Entry Personal Name
001 - CONTROL NUMBER
- control field: 631
003 - CONTROL NUMBER IDENTIFIER
- control field: BD-DhUIB
005 - DATE AND TIME OF LATEST TRANSACTION
- control field: 20210605151726.0
008 - FIXED-LENGTH DATA ELEMENTS
- fixed length control field: 210605|| aca||aabn | a|a d
040 ## - CATALOGING SOURCE
- Original cataloging agency: BD-DhUIB
- Transcribing agency: BD-DhUIB
100 ## - HEADING--PERSONAL NAME
- Personal name: Raz, Tahl
670 ## - SOURCE DATA FOUND
- Source citation: Work cat.: (BD-DhUIB)0: Botelho, Elena L., author. 625, The CEO next door :
